[Event "SWE-ch"]
[Site "Ronneby"]
[Date "2018.07.02"]
[Round "3"]
[White "Cramling, Pia"]
[Black "Hillarp Persson, Tiger"]
[Result "0-1"]
[WhiteElo "2452"]
[BlackElo "2546"]
[PlyCount "74"]
[EventDate "2018.06.30"]
[EventType "tourn"]
[EventRounds "9"]
[EventCountry "SWE"]
[EventCategory "10"]
[SourceTitle "CBM 185 Extra"]
[Source "ChessBase"]
[SourceDate "2018.07.29"]
[SourceVersion "1"]
[SourceVersionDate "2018.07.29"]
[SourceQuality "1"]
1. d4 g6 2. c4 Bg7 3. e4 e6 4. Nc3 Ne7 5. Nf3 O-O 6. Be3 d5 7. Qd2 dxe4 8. Nxe4
Nf5 9. O-O-O Nxe3 10. fxe3 b6 11. h4 c5 12. dxc5 Qxd2+ 13. Rxd2 Bb7 14. Nd6 Bc6
15. Bd3 bxc5 16. Be4 a6 17. h5 Ra7 18. hxg6 hxg6 19. Ng5 Rd7 20. Bxc6 Nxc6 21.
Nge4 Rfd8 22. Rhd1 Be5 23. b3 f5 24. Nb7 Rxd2 25. Nxd2 Rd3 26. Nxc5 Rc3+ 27.
Kb1 Rxe3 28. Nf3 Bf4 29. Nxa6 g5 30. b4 g4 31. Nd4 Nxd4 32. Rxd4 Be5 33. Rd2 f4
34. c5 f3 35. gxf3 gxf3 36. Kc2 Rc3+ 37. Kd1 Bf4 0-1

[Event "SWE-ch U20"]
[Site "Ronneby"]
[Date "2018.07.02"]
[Round "3"]
[White "Crevatin, Leo"]
[Black "Carlsson, Ludvig"]
[Result "1/2-1/2"]
[WhiteElo "2224"]
[BlackElo "2179"]
[PlyCount "31"]
[EventDate "2018.06.30"]
[EventType "tourn"]
[EventRounds "9"]
[EventCountry "SWE"]
[SourceTitle "CBM 185 Extra"]
[Source "ChessBase"]
[SourceDate "2018.07.29"]
[SourceVersion "1"]
[SourceVersionDate "2018.07.29"]
[SourceQuality "1"]
1. d4 d6 2. c4 e5 3. d5 g6 4. e4 Bg7 5. Nc3 Nf6 6. f3 O-O 7. Bg5 h6 8. Be3 Nh5
9. Qd2 Qh4+ 10. Bf2 Qf4 11. Be3 Qh4+ 12. Bf2 Qf4 13. Qxf4 exf4 14. Nb5 Na6 15.
O-O-O Bd7 16. Bd3 1/2-1/2

[Event "SWE-ch"]
[Site "Ronneby"]
[Date "2018.07.02"]
[Round "3"]
[White "Seo, Jung Min"]
[Black "Von Bahr, Oskar"]
[Result "1/2-1/2"]
[WhiteElo "2347"]
[BlackElo "2431"]
[PlyCount "55"]
[EventDate "2018.06.30"]
[EventType "tourn"]
[EventRounds "9"]
[EventCountry "SWE"]
[EventCategory "10"]
[SourceTitle "CBM 185 Extra"]
[Source "ChessBase"]
[SourceDate "2018.07.29"]
[SourceVersion "1"]
[SourceVersionDate "2018.07.29"]
[SourceQuality "1"]
1. d4 Nf6 2. Nf3 e6 3. c4 c5 4. d5 b5 5. Bg5 exd5 6. cxd5 h6 7. Bxf6 Qxf6 8.
Nc3 b4 9. Na4 d6 10. e4 g6 11. Bb5+ Bd7 12. Qe2 a6 13. Bxd7+ Nxd7 14. O-O Bg7
15. Nd2 O-O 16. Rae1 Qd8 17. Nc4 Qc7 18. f4 Rfe8 19. Qf3 Rad8 20. b3 a5 21. Kh1
Rb8 22. Re2 Rf8 23. Rfe1 Rbe8 24. g3 Bd4 25. Kg2 Kg7 26. Kh1 Kg8 27. Rd1 Kg7
28. Rde1 1/2-1/2

[Event "SWE-chB"]
[Site "Ronneby"]
[Date "2018.07.02"]
[Round "3"]
[White "Ziegler, Ari"]
[Black "Logdahl, Harald"]
[Result "1/2-1/2"]
[WhiteElo "2305"]
[BlackElo "2249"]
[PlyCount "130"]
[EventDate "2018.06.30"]
[EventType "tourn"]
[EventRounds "9"]
[EventCountry "SWE"]
[EventCategory "3"]
[SourceTitle "CBM 185 Extra"]
[Source "ChessBase"]
[SourceDate "2018.07.29"]
[SourceVersion "1"]
[SourceVersionDate "2018.07.29"]
[SourceQuality "1"]
1. e4 Nf6 2. e5 Nd5 3. d4 d6 4. Nf3 g6 5. Be2 Bg7 6. O-O O-O 7. c4 Nb6 8. Nc3
Nc6 9. exd6 cxd6 10. Be3 Bg4 11. b3 d5 12. c5 Nc8 13. h3 Bxf3 14. Bxf3 e6 15.
b4 a6 16. b5 axb5 17. Nxb5 N8e7 18. a4 Nf5 19. Ra3 Qf6 20. Rd3 Ra5 21. Bd2 Ra6
22. Bc3 Qe7 23. Bg4 Rfa8 24. Bxf5 gxf5 25. a5 Nxa5 26. Qh5 Nc4 27. Rg3 Kh8 28.
Re1 Qd7 29. Nd6 Nxd6 30. cxd6 f6 31. Bb4 Ra1 32. Rxa1 Rxa1+ 33. Kh2 Ra6 34. f4
Rc6 35. Ra3 Ra6 36. Rxa6 bxa6 37. Qe2 Kg8 38. Qxa6 Kf7 39. Qa8 Bf8 40. Qb8 h5
41. Kg3 Bh6 42. Bc5 h4+ 43. Kf3 Qa4 44. Qa7+ Qxa7 45. Bxa7 Ke8 46. Bc5 Kd7 47.
g3 hxg3 48. Kxg3 Bg7 49. h4 e5 50. h5 exd4 51. Kf3 Bh6 52. Bxd4 Kxd6 53. Bxf6
Ke6 54. Be5 Bf8 55. Ke3 Bc5+ 56. Kd3 Kf7 57. Bd4 Bd6 58. Be5 Bc5 59. Kc3 Kg8
60. Bd4 Bd6 61. Be5 Bc5 62. Bd4 Bd6 63. Be5 Bc5 64. Bd4 Bd6 65. Be3 Kh7 1/2-1/2

[Event "SWE-ch"]
[Site "Ronneby"]
[Date "2018.07.02"]
[Round "3"]
[White "Westerberg, Jonathan"]
[Black "Smith, Axel"]
[Result "1/2-1/2"]
[WhiteElo "2517"]
[BlackElo "2491"]
[PlyCount "83"]
[EventDate "2018.06.30"]
[EventType "tourn"]
[EventRounds "9"]
[EventCountry "SWE"]
[EventCategory "10"]
[SourceTitle "CBM 185 Extra"]
[Source "ChessBase"]
[SourceDate "2018.07.29"]
[SourceVersion "1"]
[SourceVersionDate "2018.07.29"]
[SourceQuality "1"]
1. e4 e5 2. Nf3 Nf6 3. Nxe5 d6 4. Nf3 Nxe4 5. Qe2 Qe7 6. d3 Nf6 7. Bg5 Qxe2+ 8.
Bxe2 Be7 9. Nc3 h6 10. Bd2 Nc6 11. Nb5 Kd8 12. O-O-O a6 13. Nbd4 Nxd4 14. Nxd4
c5 15. Ba5+ Ke8 16. Nf3 Be6 17. h3 Nd5 18. Bd2 g5 19. d4 Bf6 20. c4 Nf4 21.
Bxf4 gxf4 22. d5 Bd7 23. Bd3 Rg8 24. Rhg1 Kf8 25. Rde1 Re8 26. Rxe8+ Kxe8 27.
Bh7 Rg7 28. Be4 Kd8 29. Ne1 b5 30. b3 h5 31. Rf1 Bg5 32. Kc2 bxc4 33. bxc4 Ba4+
34. Kc3 Bf6+ 35. Kd2 Bg5 36. Bf3 Bd7 37. Nd3 Bf5 38. Rb1 Kc7 39. Rb3 Rg8 40.
Ra3 Kb6 41. Rb3+ Kc7 42. Ra3 1/2-1/2

[Event "SWE-ch U20"]
[Site "Ronneby"]
[Date "2018.07.02"]
[Round "3"]
[White "Sorensen, Hampus"]
[Black "Kucuksari, Kaan"]
[Result "1/2-1/2"]
[WhiteElo "2154"]
[BlackElo "2296"]
[PlyCount "153"]
[EventDate "2018.06.30"]
[EventType "tourn"]
[EventRounds "9"]
[EventCountry "SWE"]
[SourceTitle "CBM 185 Extra"]
[Source "ChessBase"]
[SourceDate "2018.07.29"]
[SourceVersion "1"]
[SourceVersionDate "2018.07.29"]
[SourceQuality "1"]
1. d4 Nf6 2. c4 e6 3. Nf3 b6 4. a3 c5 5. d5 Ba6 6. Qc2 exd5 7. cxd5 g6 8. Bf4
d6 9. Nc3 Bg7 10. h4 h6 11. h5 g5 12. Bg3 O-O 13. e3 Qd7 14. Rd1 Re8 15. Nd2
Bxf1 16. Kxf1 b5 17. Nde4 Nxe4 18. Nxe4 Qf5 19. f3 Bf8 20. Qb1 Nd7 21. Bxd6
Rxe4 22. Bxf8 Rae8 23. Kg1 Kxf8 24. fxe4 Rxe4 25. Rf1 Qe5 26. Qd3 c4 27. Qc3
Qxc3 28. bxc3 Rxe3 29. Rf3 Re5 30. d6 Rd5 31. Rf1 Rxd6 32. Kh2 Nf6 33. Rf5 a6
34. a4 bxa4 35. Ra1 Nxh5 36. Rxa4 Rc6 37. Rb4 Kg7 38. Rd5 Nf4 39. Rd4 Re6 40.
Rbxc4 Re2 41. Rxf4 gxf4 42. Rxf4 Ra2 43. Rc4 a5 44. Rc6 a4 45. Ra6 a3 46. c4 f5
47. Kg3 Ra1 48. c5 Kf7 49. Rxh6 Ke7 50. Ra6 Kd7 51. Kf4 a2 52. Kg3 Kc7 53. c6
Kd6 54. Kh2 f4 55. c7+ Kxc7 56. Ra8 Kb7 57. Ra3 Kb6 58. Ra8 Kc5 59. Ra4 Kd5 60.
Ra8 Ke4 61. Ra4+ Kd3 62. Ra8 Kc3 63. Rc8+ Kb4 64. Rb8+ Kc4 65. Rc8+ Kd3 66. Ra8
Ke3 67. Ra3+ Kf2 68. Ra4 Ke2 69. Ra8 f3 70. gxf3 Kxf3 71. Rf8+ Ke4 72. Re8+ Kd5
73. Rd8+ Kc6 74. Ra8 Kb5 75. Rb8+ Ka6 76. Ra8+ Kb6 77. Ra3 1/2-1/2

[Event "SWE-ch U20"]
[Site "Ronneby"]
[Date "2018.07.02"]
[Round "3"]
[White "Forsberg, Andre"]
[Black "Emmoth, Alfons"]
[Result "1/2-1/2"]
[WhiteElo "2048"]
[BlackElo "2176"]
[PlyCount "86"]
[EventDate "2018.06.30"]
[EventType "tourn"]
[EventRounds "9"]
[EventCountry "SWE"]
[SourceTitle "CBM 185 Extra"]
[Source "ChessBase"]
[SourceDate "2018.07.29"]
[SourceVersion "1"]
[SourceVersionDate "2018.07.29"]
[SourceQuality "1"]
1. e4 e6 2. d4 d5 3. Nc3 Nc6 4. e5 Nge7 5. Bb5 b6 6. f4 a6 7. Bxc6+ Nxc6 8. Nf3
a5 9. O-O Ba6 10. Ne2 Qd7 11. c3 Ne7 12. Re1 h5 13. Nh4 g6 14. Be3 Ng8 15. Kh1
Be7 16. Bf2 Nh6 17. Ng1 Qd8 18. Ngf3 Ng4 19. Bg3 c5 20. dxc5 bxc5 21. Qc2 Kf8
22. Ng5 Bxg5 23. fxg5 Qxg5 24. Nf3 Qf5 25. Qa4 Qd3 26. Qc6 Rc8 27. Qd6+ Kg7 28.
Ng5 Rhe8 29. Rf1 Qxf1+ 30. Rxf1 Bxf1 31. Qd7 Nh6 32. Nxe6+ Kg8 33. Bf4 Nf5 34.
Ng5 Nh6 35. e6 Rf8 36. Nxf7 Nxf7 37. exf7+ Kh7 38. Bd6 Rcd8 39. Qe7 d4 40. cxd4
cxd4 41. Be5 Bc4 42. g4 Bd5+ 43. Kg1 Rc8 1/2-1/2

[Event "SWE-chB"]
[Site "Ronneby"]
[Date "2018.07.02"]
[Round "3"]
[White "Rydstrom, Tom"]
[Black "Lindh, Fredrik"]
[Result "1/2-1/2"]
[WhiteElo "2314"]
[BlackElo "2273"]
[PlyCount "89"]
[EventDate "2018.06.30"]
[EventType "tourn"]
[EventRounds "9"]
[EventCountry "SWE"]
[EventCategory "3"]
[SourceTitle "CBM 185 Extra"]
[Source "ChessBase"]
[SourceDate "2018.07.29"]
[SourceVersion "1"]
[SourceVersionDate "2018.07.29"]
[SourceQuality "1"]
1. e4 c5 2. Nf3 Nc6 3. d4 cxd4 4. Nxd4 Nf6 5. Nc3 e5 6. Ndb5 d6 7. Bg5 a6 8.
Na3 b5 9. Bxf6 gxf6 10. Nd5 Bg7 11. Bd3 Ne7 12. Nxe7 Qxe7 13. c4 f5 14. O-O O-O
15. Qh5 Rb8 16. exf5 e4 17. Rae1 Bb7 18. Qg4 Rfe8 19. cxb5 d5 20. bxa6 Ba8 21.
Bb5 Red8 22. Rc1 Kh8 23. Rc2 d4 24. Rb1 d3 25. Rd2 Bh6 26. Rdd1 Rg8 27. Qh3 e3
28. f3 e2 29. Re1 Qe3+ 30. Kh1 Rxb5 31. Nxb5 d2 32. Nd6 dxe1=Q+ 33. Rxe1 Bd5
34. Qh4 Bg5 35. Qb4 Be7 36. a7 Qe5 37. Nxf7+ Bxf7 38. Rxe2 Bxb4 39. Rxe5 Ra8
40. Rb5 Bd6 41. Rb6 Be5 42. Rb5 Bd6 43. Rb6 Rc8 44. g3 Bc7 45. Rc6 1/2-1/2

[Event "SWE-ch"]
[Site "Ronneby"]
[Date "2018.07.02"]
[Round "3"]
[White "Hector, Jonny"]
[Black "Blomqvist, Erik"]
[Result "1/2-1/2"]
[WhiteElo "2499"]
[BlackElo "2505"]
[PlyCount "78"]
[EventDate "2018.06.30"]
[EventType "tourn"]
[EventRounds "9"]
[EventCountry "SWE"]
[EventCategory "10"]
[SourceTitle "CBM 185 Extra"]
[Source "ChessBase"]
[SourceDate "2018.07.29"]
[SourceVersion "1"]
[SourceVersionDate "2018.07.29"]
[SourceQuality "1"]
1. e4 c5 2. Nf3 Nc6 3. d4 cxd4 4. Nxd4 g6 5. Nc3 Bg7 6. Be3 Nf6 7. Bc4 Qa5 8.
O-O O-O 9. Nb3 Qc7 10. Bg5 d6 11. Be2 a6 12. Qd2 Be6 13. Rad1 Rac8 14. Rfe1 Ne5
15. Nd4 Bc4 16. f4 Rfd8 17. Bxf6 Bxf6 18. b3 Nc6 19. Nxc6 Bxc3 20. Qxc3 Bxe2
21. Rxe2 Qxc6 22. Qg3 Qc3 23. Qh4 e6 24. f5 exf5 25. exf5 Re8 26. Rxe8+ Rxe8
27. Qf2 Re5 28. fxg6 hxg6 29. h3 Rf5 30. Qd2 Qc5+ 31. Kh2 d5 32. c3 b5 33. Qd4
Qe7 34. Rd3 Re5 35. Qf4 Qe6 36. Qh4 Kg7 37. Qd4 Kg8 38. Qh4 Kg7 39. Qd4 Kg8
1/2-1/2

[Event "SWE-chB"]
[Site "Ronneby"]
[Date "2018.07.02"]
[Round "3"]
[White "Furhoff, Johan"]
[Black "Malmstig, Erik"]
[Result "1-0"]
[WhiteElo "2332"]
[BlackElo "2336"]
[PlyCount "77"]
[EventDate "2018.06.30"]
[EventType "tourn"]
[EventRounds "9"]
[EventCountry "SWE"]
[EventCategory "3"]
[SourceTitle "CBM 185 Extra"]
[Source "ChessBase"]
[SourceDate "2018.07.29"]
[SourceVersion "1"]
[SourceVersionDate "2018.07.29"]
[SourceQuality "1"]
1. e4 c5 2. Nc3 e6 3. Nf3 a6 4. d4 cxd4 5. Nxd4 Qc7 6. Bd3 Nf6 7. f4 Nc6 8.
Nxc6 Qxc6 9. Qe2 Bb4 10. Bd2 d5 11. e5 Ng8 12. O-O-O h5 13. Nb5 Bc5 14. Bc3 Bd7
15. Nd6+ Bxd6 16. exd6 Nf6 17. Be5 O-O-O 18. Kb1 Kb8 19. Rhe1 Rc8 20. Rc1 Qb6
21. c4 Ka8 22. f5 dxc4 23. Bxc4 Nd5 24. fxe6 fxe6 25. Bxg7 Rhg8 26. Be5 Bc6 27.
g3 Rg4 28. h3 Rgg8 29. Qxh5 Rcf8 30. Qh7 Rg5 31. d7 Ne3 32. Qh6 Rfg8 33. d8=Q+
Rxd8 34. Qxg5 Be4+ 35. Ka1 Nc2+ 36. Rxc2 Bxc2 37. Bc3 Qd6 38. a3 b5 39. Bxe6
1-0

[Event "SWE-ch U20"]
[Site "Ronneby"]
[Date "2018.07.02"]
[Round "3"]
[White "Storme, Isak"]
[Black "Berglind, Axel"]
[Result "1-0"]
[WhiteElo "2277"]
[BlackElo "2096"]
[PlyCount "115"]
[EventDate "2018.06.30"]
[EventType "tourn"]
[EventRounds "9"]
[EventCountry "SWE"]
[SourceTitle "CBM 185 Extra"]
[Source "ChessBase"]
[SourceDate "2018.07.29"]
[SourceVersion "1"]
[SourceVersionDate "2018.07.29"]
[SourceQuality "1"]
1. d4 d5 2. c4 c6 3. Nf3 Nf6 4. Nc3 g6 5. Bg5 Ne4 6. Bf4 Qa5 7. cxd5 cxd5 8.
Qb3 Nxc3 9. bxc3 Bg7 10. e3 O-O 11. Bd3 b6 12. O-O Rd8 13. a4 Bf5 14. Bxf5 gxf5
15. c4 dxc4 16. Qxc4 Qd5 17. Rfc1 Qxc4 18. Rxc4 Na6 19. Rac1 Kf8 20. h3 Ke8 21.
g4 fxg4 22. hxg4 h6 23. Nh4 e6 24. Nf3 Kd7 25. Kg2 Rac8 26. Rxc8 Rxc8 27. Rh1
Rh8 28. Ne5+ Bxe5 29. Bxe5 Rg8 30. Kf3 Rg6 31. Bf4 Nc7 32. Bxh6 Nd5 33. Bf4 Rf6
34. Rh7 Nxf4 35. exf4 Kc6 36. Ke4 a6 37. Ke5 Rg6 38. g5 b5 39. axb5+ axb5 40.
Rxf7 b4 41. Rh7 Kb5 42. Rb7+ Kc4 43. Rb6 Rg8 44. Rb7 Rg6 45. Rb8 b3 46. Rb7 Kc3
47. d5 exd5 48. Kxd5 b2 49. Ke5 Rg7 50. Rxb2 Kxb2 51. Kf6 Rc7 52. g6 Rc6+ 53.
Kg5 Rc2 54. f5 Kc3 55. f6 Rxf2 56. f7 Kd4 57. Kh6 Ke5 58. Kg7 1-0

[Event "SWE-chB"]
[Site "Ronneby"]
[Date "2018.07.02"]
[Round "3"]
[White "Landgren, Andreas"]
[Black "Lind, Jan Olov"]
[Result "1-0"]
[WhiteElo "2278"]
[BlackElo "2234"]
[PlyCount "89"]
[EventDate "2018.06.30"]
[EventType "tourn"]
[EventRounds "9"]
[EventCountry "SWE"]
[EventCategory "3"]
[SourceTitle "CBM 185 Extra"]
[Source "ChessBase"]
[SourceDate "2018.07.29"]
[SourceVersion "1"]
[SourceVersionDate "2018.07.29"]
[SourceQuality "1"]
1. d4 Nf6 2. c4 g6 3. Nc3 Bg7 4. e4 d6 5. Nf3 O-O 6. Be2 e5 7. O-O exd4 8. Nxd4
Re8 9. f3 c6 10. Kh1 Na6 11. Be3 d5 12. cxd5 cxd5 13. Bxa6 bxa6 14. e5 Nd7 15.
f4 Bb7 16. Bg1 Rc8 17. Qg4 Nc5 18. Rad1 Qe7 19. Bf2 Ne4 20. Nxe4 dxe4 21. Nb3
Rc2 22. Bc5 Rxc5 23. Rd7 Rc2 24. Rxe7 Rxe7 25. Na5 Bc8 26. Qd1 Rec7 27. h3 Bf8
28. Qd4 Bc5 29. Qd8+ Bf8 30. Qd4 Re2 31. Nc4 Be6 32. b3 Bxc4 33. bxc4 Rb7 34.
f5 gxf5 35. Rxf5 Rb1+ 36. Kh2 h6 37. Qd5 Bg7 38. Rxf7 Rbb2 39. Rb7+ Kh8 40.
Rxb2 Rxb2 41. Qa8+ Kh7 42. Qxe4+ Kg8 43. e6 Rb8 44. e7 Kf7 45. Qf4+ 1-0

[Event "SWE-ch U20"]
[Site "Ronneby"]
[Date "2018.07.02"]
[Round "3"]
[White "Sundin, Emanuel"]
[Black "Pantzar, Milton"]
[Result "1/2-1/2"]
[WhiteElo "2167"]
[BlackElo "2333"]
[PlyCount "37"]
[EventDate "2018.06.30"]
[EventType "tourn"]
[EventRounds "9"]
[EventCountry "SWE"]
[SourceTitle "CBM 185 Extra"]
[Source "ChessBase"]
[SourceDate "2018.07.29"]
[SourceVersion "1"]
[SourceVersionDate "2018.07.29"]
[SourceQuality "1"]
1. e4 e5 2. Nf3 Nc6 3. Bc4 Nf6 4. O-O Nxe4 5. Nc3 Nxc3 6. dxc3 Be7 7. Qd5 O-O
8. Nxe5 Nxe5 9. Qxe5 d6 10. Qh5 Bd7 11. Be3 g6 12. Qf3 Bc6 13. Bd5 Qd7 14. Bh6
Bxd5 15. Qxd5 Rfb8 16. Rfe1 Bf6 17. Qf3 Bg7 18. Bxg7 Kxg7 19. Re3 1/2-1/2

[Event "SWE-chB"]
[Site "Ronneby"]
[Date "2018.07.01"]
[Round "2"]
[White "Lundin, Jan"]
[Black "Furhoff, Johan"]
[Result "1/2-1/2"]
[WhiteElo "2282"]
[BlackElo "2332"]
[PlyCount "48"]
[EventDate "2018.06.30"]
[EventType "tourn"]
[EventRounds "9"]
[EventCountry "SWE"]
[EventCategory "3"]
[SourceTitle "CBM 185 Extra"]
[Source "ChessBase"]
[SourceDate "2018.07.29"]
[SourceVersion "1"]
[SourceVersionDate "2018.07.29"]
[SourceQuality "1"]
1. e4 e5 2. Nf3 Nc6 3. d4 exd4 4. Nxd4 Bc5 5. Nxc6 Qf6 6. Qf3 Qxf3 7. gxf3 bxc6
8. Rg1 Ne7 9. Be3 Bxe3 10. fxe3 O-O 11. Bd3 f5 12. Nd2 d6 13. Ke2 Rb8 14. b3 f4
15. Rg5 Be6 16. Rag1 g6 17. h4 h6 18. Ra5 Rb7 19. e5 fxe3 20. Ne4 Bf5 21. exd6
cxd6 22. Nxd6 Bxd3+ 23. cxd3 Rd7 24. Re5 Nd5 1/2-1/2

[Event "SWE-ch U20"]
[Site "Ronneby"]
[Date "2018.07.01"]
[Round "2"]
[White "Pantzar, Milton"]
[Black "Forsberg, Andre"]
[Result "1/2-1/2"]
[WhiteElo "2333"]
[BlackElo "2048"]
[PlyCount "38"]
[EventDate "2018.06.30"]
[EventType "tourn"]
[EventRounds "9"]
[EventCountry "SWE"]
[SourceTitle "CBM 185 Extra"]
[Source "ChessBase"]
[SourceDate "2018.07.29"]
[SourceVersion "1"]
[SourceVersionDate "2018.07.29"]
[SourceQuality "1"]
1. d4 Nf6 2. c4 e6 3. Nc3 Bb4 4. Bf4 O-O 5. e3 b6 6. Nge2 Re8 7. a3 Bf8 8. e4
d5 9. e5 Nfd7 10. cxd5 exd5 11. Nxd5 c5 12. e6 fxe6 13. Nc7 e5 14. Nxe8 exf4
15. Qb3+ Kh8 16. Qf7 Nc6 17. Nxf4 Bb7 18. Nc7 Qxc7 19. Bc4 Ne7 1/2-1/2

[Event "SWE-chB"]
[Site "Ronneby"]
[Date "2018.07.01"]
[Round "2"]
[White "Lind, Jan Olov"]
[Black "Rydstrom, Tom"]
[Result "0-1"]
[WhiteElo "2234"]
[BlackElo "2314"]
[PlyCount "108"]
[EventDate "2018.06.30"]
[EventType "tourn"]
[EventRounds "9"]
[EventCountry "SWE"]
[EventCategory "3"]
[SourceTitle "CBM 185 Extra"]
[Source "ChessBase"]
[SourceDate "2018.07.29"]
[SourceVersion "1"]
[SourceVersionDate "2018.07.29"]
[SourceQuality "1"]
1. e4 e5 2. Nf3 Nc6 3. Bc4 Bc5 4. c3 Nf6 5. d4 exd4 6. cxd4 Bb4+ 7. Nc3 Nxe4 8.
O-O Bxc3 9. d5 Bf6 10. Re1 Ne7 11. Rxe4 d6 12. Bg5 Bxg5 13. Nxg5 h6 14. Qh5 O-O
15. Rae1 Ng6 16. Ne6 fxe6 17. Qxg6 e5 18. R4e3 Qf6 19. Qg3 Qf4 20. Bb3 Qxg3 21.
hxg3 Bf5 22. Rc1 Rf7 23. Rec3 Rc8 24. Bd1 Kf8 25. Ra3 a6 26. Rb3 c5 27. dxc6
Rxc6 28. Rxc6 bxc6 29. Rb6 Rc7 30. Rxa6 Ke7 31. Bb3 d5 32. Ra8 Rb7 33. Kf1 Be6
34. Ke1 c5 35. Bd1 Rxb2 36. Ra7+ Kf8 37. a4 c4 38. a5 Ra2 39. a6 d4 40. g4 c3
41. g5 Ra1 42. Rc7 Rxa6 43. gxh6 gxh6 44. Rc5 Ra1 45. Ke2 Kf7 46. Bc2 Ra2 47.
Kd1 d3 48. Bxd3 Rd2+ 49. Ke1 Rxd3 50. Ke2 e4 51. f3 Rd2+ 52. Ke3 Rxg2 53. Rxc3
exf3 54. Kxf3 Rg5 0-1

[Event "SWE-ch U20"]
[Site "Ronneby"]
[Date "2018.07.01"]
[Round "2"]
[White "Berglind, Axel"]
[Black "Crevatin, Leo"]
[Result "0-1"]
[WhiteElo "2096"]
[BlackElo "2224"]
[PlyCount "94"]
[EventDate "2018.06.30"]
[EventType "tourn"]
[EventRounds "9"]
[EventCountry "SWE"]
[SourceTitle "CBM 185 Extra"]
[Source "ChessBase"]
[SourceDate "2018.07.29"]
[SourceVersion "1"]
[SourceVersionDate "2018.07.29"]
[SourceQuality "1"]
1. d4 d5 2. Nf3 Nf6 3. c4 c6 4. Nc3 e6 5. e3 Nbd7 6. Qc2 Bd6 7. Bd3 dxc4 8.
Bxc4 O-O 9. O-O b5 10. Be2 Bb7 11. Rd1 Qc7 12. a3 a5 13. e4 e5 14. Be3 Ng4 15.
Rac1 Nxe3 16. fxe3 Rac8 17. Qb3 Qb8 18. a4 b4 19. Nb1 exd4 20. exd4 Bf4 21. Rc2
Nf6 22. g3 Bc7 23. Nbd2 Rcd8 24. e5 Nd5 25. Ne4 Qa7 26. Qd3 Rfe8 27. Nc5 Bc8
28. Ng5 g6 29. Rf1 Re7 30. g4 h6 31. Nge4 Nb6 32. Nf6+ Kg7 33. Qe4 Nxa4 34.
Qxc6 Nxc5 35. Rxc5 Bb6 36. Nd5 Re6 37. Nxb6 Rxc6 38. Rxc6 Be6 39. Rd1 Bd7 40.
Rd6 Bxg4 41. Bxg4 Rxd6 42. Nc8 Qxd4+ 43. Rxd4 Rxd4 44. Bf3 a4 45. Nb6 a3 46.
bxa3 bxa3 47. Bd5 Rxd5 0-1

[Event "SWE-ch"]
[Site "Ronneby"]
[Date "2018.07.01"]
[Round "2"]
[White "Smith, Axel"]
[Black "Cramling, Pia"]
[Result "1/2-1/2"]
[WhiteElo "2491"]
[BlackElo "2452"]
[PlyCount "57"]
[EventDate "2018.06.30"]
[EventType "tourn"]
[EventRounds "9"]
[EventCountry "SWE"]
[EventCategory "10"]
[SourceTitle "CBM 185 Extra"]
[Source "ChessBase"]
[SourceDate "2018.07.29"]
[SourceVersion "1"]
[SourceVersionDate "2018.07.29"]
[SourceQuality "1"]
1. c4 e6 2. Nc3 Bb4 3. e4 Ne7 4. Nf3 O-O 5. d4 d6 6. Qb3 c5 7. a3 Bxc3+ 8. Qxc3
cxd4 9. Nxd4 e5 10. Nc2 Be6 11. Bd3 Nd7 12. Ne3 Rc8 13. O-O b5 14. b3 Nb6 15.
Bb2 bxc4 16. Bxc4 Bxc4 17. bxc4 Qd7 18. Rac1 Qe6 19. Qd3 Rc6 20. Rc2 Rfc8 21.
Rfc1 Rc5 22. Nd5 Nc6 23. Nxb6 axb6 24. Qb3 Rb8 25. a4 Na5 26. Qb4 Nc6 27. Qb3
Na5 28. Qb4 Nc6 29. Qb3 1/2-1/2

[Event "SWE-ch"]
[Site "Ronneby"]
[Date "2018.07.01"]
[Round "2"]
[White "Blomqvist, Erik"]
[Black "Seo, Jung Min"]
[Result "0-1"]
[WhiteElo "2505"]
[BlackElo "2347"]
[PlyCount "121"]
[EventDate "2018.06.30"]
[EventType "tourn"]
[EventRounds "9"]
[EventCountry "SWE"]
[EventCategory "10"]
[SourceTitle "CBM 185 Extra"]
[Source "ChessBase"]
[SourceDate "2018.07.29"]
[SourceVersion "1"]
[SourceVersionDate "2018.07.29"]
[SourceQuality "1"]
1. e4 c6 2. Nf3 d5 3. exd5 cxd5 4. d4 Nf6 5. Bf4 Bf5 6. c3 Nc6 7. Nbd2 g6 8.
Ne5 Bg7 9. Qb3 Qb6 10. Qxb6 axb6 11. Bb5 Bd7 12. Nxd7 Nxd7 13. O-O O-O 14. Rfe1
e6 15. h3 Rfc8 16. g4 Nf6 17. a3 Bf8 18. Be2 Ne8 19. Kg2 Nd6 20. Rh1 Na5 21.
Rae1 Nac4 22. Nxc4 Nxc4 23. Bc1 Nd6 24. h4 h6 25. Bd3 Re8 26. h5 g5 27. f4 gxf4
28. Bxf4 Rad8 29. Rhf1 Rc8 30. Rf2 Nc4 31. Bc1 Bg7 32. Ref1 Rc7 33. a4 Ra8 34.
Re2 Nd6 35. g5 hxg5 36. Bxg5 Ne4 37. Bf4 Rd7 38. h6 Bh8 39. Kf3 f5 40. Rg2+ Kh7
41. Rfg1 Bf6 42. Rg6 Rf7 43. Bb5 Raf8 44. Ke3 Re7 45. Bd3 Ref7 46. R6g2 Ra8 47.
Be2 Re7 48. Bb5 Rf8 49. Kd3 Ra8 50. Ke3 Rf8 51. Be2 Ra8 52. Bh5 Rc8 53. Rg6 Rf8
54. Kf3 Rc8 55. Be5 Bxe5 56. dxe5 Nd2+ 57. Kf4 Nc4 58. R1g2 Rd8 59. Rf6 d4 60.
Bf7 d3 61. Bxe6 0-1

[Event "SWE-ch"]
[Site "Ronneby"]
[Date "2018.07.01"]
[Round "2"]
[White "Tikkanen, Hans"]
[Black "Westerberg, Jonathan"]
[Result "1-0"]
[WhiteElo "2495"]
[BlackElo "2517"]
[PlyCount "107"]
[EventDate "2018.06.30"]
[EventType "tourn"]
[EventRounds "9"]
[EventCountry "SWE"]
[EventCategory "10"]
[SourceTitle "CBM 185 Extra"]
[Source "ChessBase"]
[SourceDate "2018.07.29"]
[SourceVersion "1"]
[SourceVersionDate "2018.07.29"]
[SourceQuality "1"]
1. d4 d5 2. Bf4 Nf6 3. e3 e6 4. Nd2 c5 5. c3 Nc6 6. Ngf3 Bd6 7. Bg3 O-O 8. Bd3
b6 9. e4 Be7 10. e5 Nh5 11. Qe2 Bb7 12. Nf1 cxd4 13. Nxd4 g6 14. Nd2 Nxd4 15.
cxd4 a5 16. O-O a4 17. a3 Ra5 18. f4 Qa8 19. Be1 Ba6 20. g4 Ng7 21. Nb1 Bxd3
22. Qxd3 Ra7 23. Bb4 f5 24. g5 Bxb4 25. axb4 Qc6 26. Na3 Qd7 27. Nb5 Raa8 28.
Kf2 Rfc8 29. Rfc1 Ne8 30. h4 Rc6 31. Rxc6 Qxc6 32. b3 axb3 33. Rxa8 Qxa8 34.
Qxb3 Qc6 35. Nc3 b5 36. Ne2 Nc7 37. Qa3 Na8 38. Qa7 Nb6 39. Qe7 Nc8 40. Qc5 Qd7
41. h5 gxh5 42. Nc3 Na7 43. Qd6 Qc8 44. Ne2 Kf7 45. Kg3 Nc6 46. Qc5 Ne7 47. Nc3
Qxc5 48. dxc5 Nc6 49. Nxb5 Ke7 50. Kh4 Nxb4 51. Kxh5 Nd3 52. Kh6 Nxf4 53. Kxh7
Kd7 54. g6 1-0